| 000 | 00824nam a2200229 i 4500 | ||
|---|---|---|---|
| 001 | 18297 | ||
| 003 | ES-MaACL | ||
| 005 | 20230906151814.0 | ||
| 007 | t| | ||
| 008 | 011122s1950 sp ||||1| spa d | ||
| 080 | _a33(8.03):911.3 | ||
| 080 | _a911.3:33(8.03) | ||
| 100 | 1 |
_aShanahan, E. W. _9106001 |
|
| 245 | 1 | 0 |
_aAmérica del Sur _b: geografía económica y regional con un capítulo histórico / _cE. W. Shanahan ; traducción española de la séptima edición inglesa (1949) por Joaquina Comas de Candel. |
| 260 |
_aBarcelona : _bOmega, _c[1950] |
||
| 300 |
_a389 p. : _bil. ; _c23 cm. |
||
| 500 | _aBiblioteca Juan Andrade. | ||
| 651 | 4 |
_aAmérica del Sur- _xGeografía económica. _97715 |
|
| 700 | 0 |
_aComas, Joaquina. _939934 |
|
| 852 |
_aES-MaACL _jAND-158 _bR.109460 |
||
| 852 |
_aES-MaACL _jD-7593 _bR.30491 |
||
| 999 |
_c18297 _d18297 |
||